000 00304nam a2200109Ia 4500
008 240731s9999 xx 000 0 und d
245 0 _aTransactions of the Botanical Society of Edinburgh
260 _bTaylor & Francis
856 _uhttps://www.tandfonline.com/loi/tped18
942 _2ddc
942 _cTFEJ
999 _c80173
_d80173
945 _a1
_bMadushi Gamage
_c1
_dMadushi Gamage